[Event "Aegean op 46th"]
[Site "Aghios Kirykos"]
[Date "2023.07.14"]
[Round "7"]
[White "Knors, Rudi"]
[Black "Teskos, Georgios"]
[Result "1/2-1/2"]
[WhiteElo "2042"]
[BlackElo "1839"]
[PlyCount "150"]
[EventDate "2023.07.09"]
[EventType "swiss"]
[EventRounds "9"]
[EventCountry "GRE"]
[SourceTitle "CBM 215 Extra"]
[Source "ChessBase"]
[SourceDate "2023.09.30"]
[SourceVersion "1"]
[SourceVersionDate "2023.09.30"]
[SourceQuality "1"]

1. b3 e5 2. Bb2 d6 3. e3 Nf6 4. c4 Nbd7 5. Nc3 g6 6. Be2 Bg7 7. h4 h5 8. Nf3 a5 9. Ng5 Nc5 10. d4 exd4 11. Qxd4 0-0 12. Nd5 Ne8 13. Qd2 Nf6 14. Bf3 Bf5 15. 0-0 Nxd5 16. Bxd5 Qe7 17. Bxg7 Kxg7 18. Qd4+ Qe5 19. Nf3 Qf6 20. Qxf6+ Kxf6 21. Nd4 Bd7 22. Bf3 Rfe8 23. Rfd1 Re7 24. Rac1 Bg4 25. Ne2 Bxf3 26. gxf3 Re5 27. Nf4 Rc8 28. Rd2 g5 29. hxg5+ Rxg5+ 30. Kh2 Nd7 31. Nd5+ Ke6 32. f4 Rg4 33. f3 Rg7 34. f5+ Ke5 35. Rf1 f6 36. f4+ Kxf5 37. e4+ Ke6 38. Ne3 Nc5 39. Nf5 Rg6 40. Re2 Rcg8 41. Nd4+ Kd7 42. e5 fxe5 43. fxe5 Rg4 44. Rf3 Rxd4 45. exd6 Rh4+ 46. Rh3 Rxh3+ 47. Kxh3 Kxd6 48. Rd2+ Ke5 49. Rd5+ Kf4 50. Rxc5 Rg1 51. Rxc7 Ra1 52. Rf7+ Kg5 53. Rxb7 Rxa2 54. Rb5+ Kg6 55. Kh4 Rh2+ 56. Kg3 Rb2 57. c5 Rc2 58. Kf4 Rf2+ 59. Ke4 Ra2 60. c6 a4 61. Kd5 Rd2+ 62. Ke6 Re2+ 63. Kd7 Rd2+ 64. Kc8 axb3 65. Rxb3 Rc2 66. Kb7 h4 67. c7 Kg5 68. Rb5+ Kg4 69. Rb4+ Kg3 70. Rb6 h3 71. Rg6+ Kf2 72. Rf6+ Kg2 73. Rc6 Rxc6 74. Kxc6 h2 75. c8Q h1Q 1/2-1/2

[Event "Aegean op 46th"]
[Site "Aghios Kirykos"]
[Date "2023.07.10"]
[Round "2"]
[White "Teskos, Georgios"]
[Black "Pap, Misa"]
[Result "0-1"]
[WhiteElo "1839"]
[BlackElo "2407"]
[PlyCount "56"]
[EventDate "2023.07.09"]
[EventType "swiss"]
[EventRounds "9"]
[EventCountry "GRE"]
[SourceTitle "CBM 215 Extra"]
[Source "ChessBase"]
[SourceDate "2023.09.30"]
[SourceVersion "1"]
[SourceVersionDate "2023.09.30"]
[SourceQuality "1"]

1. d4 Nf6 2. Bg5 Ne4 3. Bf4 d5 4. f3 Nf6 5. e4 dxe4 6. Nc3 exf3 7. Nxf3 e6 8. Bc4 a6 9. Qe2 b5 10. Bb3 Bb7 11. Ne5 Qe7 12. 0-0-0 Nc6 13. Nxb5 axb5 14. Qxb5 Qb4 15. Bc4 Ra5 16. Qxb4 Bxb4 17. c3 Bd6 18. b4 Nxe5 19. dxe5 Bxe5 20. bxa5 Bxf4+ 21. Kb2 Ke7 22. a6 Bc6 23. Bb3 Ne4 24. Rhe1 Bxh2 25. Rd4 f5 26. Rc4 Bb5 27. Rb4 Bxa6 28. g4 Be5 0-1

[Event "Aegean op 45th"]
[Site "Aghios Kirykos"]
[Date "2022.07.13"]
[Round "5"]
[White "Teskos, Georgios"]
[Black "Manakova, Maria"]
[Result "0-1"]
[WhiteElo "1758"]
[BlackElo "2247"]
[PlyCount "114"]
[EventDate "2022.07.09"]
[EventType "swiss"]
[EventRounds "9"]
[EventCountry "GRE"]
[SourceTitle "CBM 209 Extra"]
[Source "ChessBase"]
[SourceDate "2022.09.30"]
[SourceVersion "1"]
[SourceVersionDate "2022.09.30"]
[SourceQuality "1"]

1. d4 Nf6 2. Bg5 Ne4 3. Bf4 d5 4. f3 Nf6 5. e4 dxe4 6. Nc3 e3 7. Qd3 e6 8. Qxe3 Bb4 9. 0-0-0 Bxc3 10. Qxc3 Nd5 11. Qd2 Nxf4 12. Qxf4 0-0 13. Bd3 Nc6 14. Nh3 g6 15. c3 Kg7 16. Kb1 Qd6 17. Qh4 Qe7 18. Qg3 Rb8 19. Nf4 Rd8 20. h4 Kh8 21. h5 g5 22. Ng6+ hxg6 23. hxg6+ Kg8 24. Qh3 Qf6 25. gxf7+ Kf8 26. Qh7 Bd7 27. Bg6 Qg7 28. Qh5 Ne7 29. Bc2 Nd5 30. Rde1 Ke7 31. Qg4 Rh8 32. c4 Rxh1 33. Rxh1 Nf6 34. Qg3 Rc8 35. f4 g4 36. f5 exf5 37. Qe5+ Kxf7 38. c5 c6 39. Bb3+ Kg6 40. g3 Rh8 41. Rf1 Ne4 42. Qf4 Qh6 43. Qc7 Rh7 44. Re1 Re7 45. Ka1 Qd2 46. Rd1 Qe2 47. Qd8 Nf6 48. a3 Re8 49. Qc7 Qb5 50. Ka2 Re3 51. Bg8 Re2 52. Rb1 Nxg8 53. Qxd7 Nf6 54. Qd8 Rd2 55. Ka1 Qb3 56. Qa5 Rxd4 57. Qxa7 Ra4 0-1

[Event "Aegean op 45th"]
[Site "Aghios Kirykos"]
[Date "2022.07.09"]
[Round "1"]
[White "Repplinger, Marc"]
[Black "Teskos, Georgios"]
[Result "1/2-1/2"]
[WhiteElo "2212"]
[BlackElo "1758"]
[PlyCount "118"]
[EventDate "2022.07.09"]
[EventType "swiss"]
[EventRounds "9"]
[EventCountry "GRE"]
[SourceTitle "CBM 209 Extra"]
[Source "ChessBase"]
[SourceDate "2022.09.30"]
[SourceVersion "1"]
[SourceVersionDate "2022.09.30"]
[SourceQuality "1"]

1. Nf3 g6 2. c4 Bg7 3. Nc3 d6 4. d4 Bg4 5. e3 Nc6 6. Be2 e5 7. 0-0 Nf6 8. h3 Bf5 9. b4 e4 10. Nd2 h5 11. b5 Nb8 12. Qc2 Qe7 13. Nd5 Nxd5 14. cxd5 0-0 15. Ba3 Rc8 16. Rac1 Qh4 17. Qd1 Nd7 18. Qe1 Qg5 19. Kh1 Nf6 20. Bc4 Re8 21. Rc3 Bd7 22. f4 Qf5 23. Qb1 Nxd5 24. Bxd5 Qxd5 25. Rxc7 Bxb5 26. Rfc1 Bc6 27. Qb3 Qxb3 28. Nxb3 Bf8 29. Na5 Rac8 30. Rxc8 Rxc8 31. d5 Bd7 32. Nxb7 Rxc1+ 33. Bxc1 Bb5 34. Na5 Be7 35. Ba3 Bd8 36. Nb7 Bb6 37. Nxd6 Bd3 38. Bc1 Bc7 39. Nc8 a5 40. d6 Bd8 41. Bb2 Kf8 42. Bd4 Ke8 43. Nb6 Bxb6 44. Bxb6 a4 45. a3 Kd7 46. Bc5 Ke6 47. Kh2 Bb5 48. Kg3 Kf5 49. Kh4 Bd7 50. g4+ hxg4 51. hxg4+ Ke6 52. Kg5 f5 53. gxf5+ gxf5 54. Kg6 Be8+ 55. Kg7 Bc6 56. Bb4 Bb5 57. Kg6 Be8+ 58. Kg5 Bb5 59. Kh4 Kd5 1/2-1/2

[Event "Aegean op 39th"]
[Site "Aghios Kirykos"]
[Date "2016.07.14"]
[Round "5"]
[White "Teskos, Georgios"]
[Black "Seferis, Georgios"]
[Result "1-0"]
[WhiteElo "1763"]
[BlackElo "1626"]
[PlyCount "35"]
[EventDate "2016.07.11"]
[EventType "swiss"]
[EventRounds "9"]
[EventCountry "GRE"]
[SourceTitle "EXT 2017"]
[Source "ChessBase"]
[SourceDate "2016.10.25"]
[SourceVersion "1"]
[SourceVersionDate "2016.10.25"]
[SourceQuality "1"]

1. e4 c6 2. d4 d5 3. f3 Qb6 4. Nc3 dxe4 5. fxe4 e5 6. Nf3 exd4 7. Nxd4 c5 8. Nd5 Qd8 9. Nb5 Qh4+ 10. g3 Qxe4+ 11. Qe2 Bf5 12. Ndc7+ Kd7 13. Bf4 Qxe2+ 14. Bxe2 Bxc2 15. Nxa8 Nc6 16. Rc1 Be4 17. Rd1+ Kc8 18. Nxa7+ 1-0

[Event "Aegean op 37th"]
[Site "Aghios Kirykos"]
[Date "2014.07.15"]
[Round "5"]
[White "Finokaliotis, Georgios"]
[Black "Teskos, Georgios"]
[Result "1-0"]
[WhiteElo "2059"]
[BlackElo "1696"]
[PlyCount "55"]
[EventDate "2014.07.12"]
[EventType "swiss"]
[EventRounds "9"]
[EventCountry "GRE"]
[SourceTitle "CBM 161 Extra"]
[Source "ChessBase"]
[SourceDate "2014.08.29"]
[SourceVersion "1"]
[SourceVersionDate "2014.08.29"]
[SourceQuality "1"]

1. d4 g6 2. c4 Bg7 3. Nc3 d6 4. g3 Nc6 5. e3 e5 6. d5 Nb8 7. Bg2 a5 8. Nge2 Na6 9. e4 Nf6 10. h3 0-0 11. Be3 Nc5 12. Qd2 Bd7 13. Bg5 h6 14. Be3 Qc8 15. 0-0-0 b5 16. cxb5 Qb7 17. Bxc5 dxc5 18. a4 Ne8 19. Qe3 Qb6 20. Kb1 Rb8 21. Nc1 c6 22. dxc6 Bxc6 23. Nd3 Bb7 24. Qxc5 Qe6 25. Qa7 Nd6 26. Nc5 Qc8 27. Rxd6 Qc7 28. Rd7 1-0

[Event "Aegean op 33rd"]
[Site "Aghios Kirykos"]
[Date "2010.07.21"]
[Round "9"]
[White "Teskos, Georgios"]
[Black "Dounis, Alexandros"]
[Result "0-1"]
[WhiteElo "1659"]
[BlackElo "2235"]
[PlyCount "82"]
[EventDate "2010.07.13"]
[EventType "swiss"]
[EventRounds "9"]
[EventCountry "GRE"]
[SourceTitle "CBM 137 Extra"]
[Source "ChessBase"]
[SourceDate "2010.09.01"]
[SourceVersion "1"]
[SourceVersionDate "2010.09.01"]
[SourceQuality "1"]

1. e4 d5 2. exd5 Qxd5 3. Nc3 Qd6 4. g3 Nf6 5. Bg2 a6 6. Nge2 Nc6 7. d3 e5 8. f4 Bg4 9. h3 Bxe2 10. Qxe2 0-0-0 11. 0-0 exf4 12. Bxf4 Qb4 13. Bxc6 Qb6+ 14. Be3 Qxc6 15. a3 Bd6 16. Qf3 Qd7 17. Kg2 Rhe8 18. Bd4 Re6 19. Rae1 Rxe1 20. Rxe1 Bxg3 21. Qxg3 Qxd4 22. Re7 Rd7 23. Rxd7 Nxd7 24. Qf3 Qf6 25. Qe4 Qg6+ 26. Qxg6 hxg6 27. Ne4 Kd8 28. Kf3 Ke7 29. h4 f6 30. d4 Nf8 31. Nc5 Ne6 32. Nb3 Kd6 33. Ke3 Kd5 34. c3 c5 35. dxc5 Nxc5 36. Na5 b6 37. c4+ Kd6 38. b4 bxa5 39. bxc5+ Kxc5 40. Kd3 a4 41. Kc3 g5 0-1